000 00537nam a2200193Ia 4500
003 OSt
005 20201111140627.0
008 190216s9999||||xx |||||||||||||| ||und||
020 _a9788122416824
040 _coclc
082 _a530.41
_bPIL/S
100 _aPillai, S O
_94294
245 0 _aSolid State Physics /
_cS O Pillai
250 _a6th Ed.
260 _bNew Age International Publishers,
_c2005.
_aNew Delhi:
300 _a819p
650 _aPhysics
942 _cBK
_2ddc
_h530.41
_iPIL/S
_k530.41
_mPIL/S
999 _c34120
_d34120